Juan Bosch : (Registro nro. 14364)

Detalles MARC
000 -LEADER
fixed length control field 01732nam a22002777a 4500
003 - CONTROL NUMBER IDENTIFIER
control field DO-SdBNP
005 - DATE AND TIME OF LATEST TRANSACTION
control field 20230222082346.0
007 - PHYSICAL DESCRIPTION FIXED FIELD--GENERAL INFORMATION
fixed length control field ta
008 - FIXED-LENGTH DATA ELEMENTS--GENERAL INFORMATION
fixed length control field 211112b2012 pr | 00| 0 spa d
020 ## - INTERNATIONAL STANDARD BOOK NUMBER
International Standard Book Number 9786124059612
040 ## - CATALOGING SOURCE
Original cataloging agency DO-SdBNP
Language of cataloging spa
Transcribing agency BPMSU
082 ## - DEWEY DECIMAL CLASSIFICATION NUMBER
Classification number 923.27293
Item number J64J 2012
Edition number 22
100 1# - MAIN ENTRY--PERSONAL NAME
Personal name Jofré, Manuel
245 10 - TITLE STATEMENT
Title Juan Bosch :
Remainder of title intelectual orgánico.De la ética del escritor a la ética del político /
Statement of responsibility, etc. Manuel Jofré ; prólogo Roberto Reyes Tarazona.
260 ## - PUBLICATION, DISTRIBUTION, ETC. (IMPRINT)
Place of publication, distribution, etc. Lima :
Name of publisher, distributor, etc. Universidad Ricardo Palma;
-- editorial universitaria,
Date of publication, distribution, etc. 2012.
300 ## - PHYSICAL DESCRIPTION
Extent 141 p. ;
Dimensions 21 cm.
500 ## - GENERAL NOTE
General note Incluye datos biográficos del autor en la solapa de la cubierta
500 ## - GENERAL NOTE
General note Incluye referencias bibliográficas y notas al pie de las páginas
504 ## - BIBLIOGRAPHY, ETC. NOTE
Bibliography, etc Bibliografía : p. 139-141
505 0# - FORMATTED CONTENTS NOTE
Formatted contents note Palabras preliminares / Rafael Julián -- Prólogo / Roberto Reyes Terazona -- Imagen del Caribe y América Latina en los cuentos de Juan Bosch: Patria y exilio, -- Antecedentes -- Introducción: vida y escritura -- Cuentos escritos antes del exilio -- Cuentos escritos en el exilio -- Más cuentos escritos en el exilio -- La imagen de la gran América en la narración breve de Juan Bosch -- . El desarrollo de la teoría del cuento de Juan Bosch -- Antecedentes -- Conclusiones -- Juan Bosch, el intelectual orgánico y la carta del confinamiento -- Bosch y la pluralidad de voces -- Teoría y práctica en un intelectual integral--Breve antología de textos de Juan Bosch.<br/>
590 ## - LOCAL NOTE (RLIN)
Local note Inventariado, 2023/VM<br/><br/>
600 14 - SUBJECT ADDED ENTRY--PERSONAL NAME
Personal name Bosch, Juan
Dates associated with a name 1909-2001
General subdivision Crítica e interpretación
700 1# - ADDED ENTRY--PERSONAL NAME
Personal name Reyes Tarazona, Roberto,
Relator term prólogo
910 ## - USER-OPTION DATA (OCLC)
User-option data VMateo V. Control de caldiad (BPMSU)
942 ## - ADDED ENTRY ELEMENTS (KOHA)
Source of classification or shelving scheme Dewey Decimal Classification
Koha item type Libros
Existencias
Withdrawn status Lost status Source of classification or shelving scheme Damaged status Not for loan Collection code Home library Current library Date acquired Full call number Barcode Date last seen Price effective from Koha item type
    Dewey Decimal Classification     Colección Dominicana Biblioteca Pública Metropolitana Salomé Ureña Biblioteca Pública Metropolitana Salomé Ureña 02/22/2023 BPMSU CD 923.27293 J64J 2012 BPMSU23020015 02/22/2023 02/22/2023 Libros